Quiz Marvel - Statistiques

Statistiques générales
  • Ce quiz a été pris 670 fois
  • Le résultat moyen est 5 sur 15
Statistiques - réponses
Indice Réponse % Correct
Il obtient des pouvoirs en étant piqué par une araignée Spider-Man
100%
Lieu où vie Black Panther Wakanda
80%
Nom donné aux BD de superhéros Comics
60%
Le bouclier de Captain America est en... Vibranium
53%
Il est le roi des mers et océans Namor
37%
Elle est la succession de Hawkeye Kate Bishop
35%
Combien de films composent le MCU ( à la fin de 2022 ) 30
34%
Il aime follement la Mort Thanos
31%
Captain America est créé en... 1940
30%
Il est le Spider-Man de l'univers Ultimate Miles Morales
30%
Bruce a été touché par des rayons... gammas
27%
Il est créé par Hank Pym Ultron
15%
Ils envoient Hulk dans l'espace car il est dangereux Illuminatis
8%
Numéro de l'univers Ultimate 1610
5%
Ils ont créé Spider-Man Stan Lee et Steve Ditko
3%
Aucun quiz correspondant
Distribution des résultats
% des personnes avec chaque résultat
Percentile par nombre de réponses
Votre historique - résultats
Vous n’avez pas pris ce quiz